| 000 | 00587nam a2200193 i 4500 | ||
|---|---|---|---|
| 001 | 14028 | ||
| 003 | ES-MaACL | ||
| 005 | 20240117180507.0 | ||
| 007 | t| | ||
| 008 | 980921s1992 sp ||||1| spa d | ||
| 080 | _a821.134.2-14"19" | ||
| 100 | 1 |
_aGarcía Montero, Luis, _d1958- _954978 |
|
| 245 | 1 | 0 | _aLuis García Montero. |
| 260 |
_a[Málaga : _bCentro Cultural de la Generación del 27, _c1992] |
||
| 300 |
_a[12] p. : _b1 retr. ; _c22 cm. |
||
| 710 | 2 |
_aCentro Cultural Generación del 27. _92582 |
|
| 852 |
_aES-MaACL _j2153-F-32 _bR.120399 |
||
| 999 |
_c14028 _d14028 |
||